WOOD finishing
| Corporate Author: | |
|---|---|
| Format: | Book |
| Published: |
Kuala Lumpur :
ASEAN Timber Technology Centre ,
1992
|
| Subjects: |
MARC
| LEADER | 00000cam a2200000 7i4500 | ||
|---|---|---|---|
| 001 | 0000001895 | ||
| 005 | 20020411.0 | ||
| 020 | 0 | 0 | |a 9839975218 |
| 090 | 0 | 0 | |a 684.1043 |b WOO 1992 |
| 245 | 0 | 0 | |a WOOD finishing |
| 260 | 0 | 0 | |a Kuala Lumpur : |b ASEAN Timber Technology Centre , |c 1992 |
| 300 | |a 183 p. : |b ill. ; |c 29 cm. | ||
| 650 | 0 | 0 | |a Wood finishing |
| 710 | 1 | 1 | |a ASEAN Timber Technology Centre (ATTC) |
| 998 | |a JPSM | ||
| 999 | |a 0000003024 |b Monograph |c Open Shelf |e Default branch | ||